[Event "2BLS 1819 TSV Schönaich - OSG Baden-Ba"]
[Site "?"]
[Date "2019.02.02"]
[Round "5.2"]
[White "Hirneise, Jens"]
[Black "Gozzoli, Yannick"]
[Result "0-1"]
[WhiteElo "2373"]
[BlackElo "2630"]
[PlyCount "78"]
[EventDate "2019.??.??"]

1. e4 e5 2. Nf3 Nc6 3. Bb5 a6 4. Ba4 Nf6 5. O-O Be7 6. Re1 b5 7. Bb3 d6 8. c3
O-O 9. h3 Bb7 10. d4 Re8 11. Ng5 Rf8 12. Nf3 Nd7 13. Nbd2 exd4 14. cxd4 Na5 15.
Bc2 Re8 16. Nf1 c5 17. Ng3 cxd4 18. Nxd4 Rc8 19. Ndf5 Bf8 20. Bd2 Nc4 21. Bc3
g6 22. Ne3 Nxe3 23. Rxe3 d5 24. exd5 Rxe3 25. fxe3 Qg5 26. Ne4 Qxe3+ 27. Kh1 f5
28. Nf6+ Nxf6 29. Bxf6 Bd6 30. Bb3 a5 31. Bd4 Qg3 32. Bg1 a4 33. Bc2 Kf7 34.
Bxf5 gxf5 35. Qh5+ Qg6 36. Qf3 Rc2 37. Re1 Rd2 38. Re6 Bxd5 39. Rxg6 Bxf3 0-1

[Event "2BLS 1819 TSV Schönaich - OSG Baden-Ba"]
[Site "?"]
[Date "2019.02.02"]
[Round "5.3"]
[White "Martin, Julian"]
[Black "Wenninger, Philipp"]
[Result "1-0"]
[WhiteElo "2383"]
[BlackElo "2391"]
[PlyCount "135"]
[EventDate "2019.??.??"]

1. e4 c6 2. d4 d5 3. e5 Bf5 4. Nf3 e6 5. Be2 Ne7 6. O-O c5 7. Be3 Nec6 8. dxc5
Nd7 9. Na3 Bxc5 10. Bxc5 Nxc5 11. c4 d4 12. Re1 d3 13. Bf1 Nb4 14. Qd2 a5 15.
Qe3 b6 16. Nd4 Bg6 17. Nab5 O-O 18. g3 Qd7 19. Red1 Rad8 20. Bg2 Qe7 21. Qd2 f6
22. a3 Nc2 23. Nc6 Qd7 24. Nxd8 Nxa1 25. Nxe6 Nxe6 26. Rxa1 fxe5 27. Bd5 Kh8
28. Re1 h6 29. Rxe5 Ng5 30. Bg2 Nh3+ 31. Bxh3 Qxh3 32. Nd4 Qg4 33. Qe3 Rd8 34.
Nf3 Qxc4 35. Qxb6 Rf8 36. Qxg6 Qc1+ 37. Kg2 d2 38. Re7 Qxb2 39. Re8 Rxe8 40.
Qxe8+ Kh7 41. Qe4+ Kh8 42. Qd3 d1=Q 43. Qxd1 Qxa3 44. Ne5 a4 45. Qd8+ Kh7 46.
Qd3+ Qxd3 47. Nxd3 a3 48. Nb4 Kg6 49. g4 h5 50. h3 Kf6 51. f4 hxg4 52. hxg4 Ke6
53. Kf3 Kd6 54. f5 Kc5 55. Nc2 a2 56. Ke3 Kc4 57. Kd2 Kd5 58. Kd3 Ke5 59. Ke3
g6 60. fxg6 Kf6 61. Kf4 Kxg6 62. g5 Kg7 63. Kf5 Kf7 64. g6+ Kg7 65. Kg5 Kg8 66.
Kf6 Kf8 67. g7+ Kg8 68. Na1 1-0

[Event "2BLS 1819 TSV Schönaich - OSG Baden-Ba"]
[Site "?"]
[Date "2019.02.02"]
[Round "5.4"]
[White "Schnadt, Florian"]
[Black "Halkias, Stelios"]
[Result "0-1"]
[WhiteElo "2123"]
[BlackElo "2549"]
[PlyCount "84"]
[EventDate "2019.??.??"]

1. d4 Nf6 2. c4 e6 3. Nc3 Bb4 4. e3 O-O 5. Nge2 d5 6. a3 Bd6 7. Ng3 c6 8. Bd3
e5 9. dxe5 Bxe5 10. Nce2 dxc4 11. Bxc4 Qxd1+ 12. Kxd1 b5 13. Bd3 Na6 14. f4 Bc7
15. b4 c5 16. Bxb5 cxb4 17. Bxa6 Bxa6 18. axb4 Bb7 19. Ke1 Rfe8 20. Bd2 Bb6 21.
Ra3 Rad8 22. h3 Bxg2 23. Rh2 Bf3 24. Ng1 Bc6 25. Rf2 Nd5 26. Nf1 Bb5 27. Ne2
Re4 28. Neg3 Nxb4 29. Rb3 Nd3+ 30. Rxd3 Bxd3 31. Nxe4 Bxe4 32. Ng3 Bb7 33. Re2
f6 34. e4 Rd3 35. Rg2 g6 36. h4 Kf7 37. Ke2 Ba6 38. Ke1 Ra3 39. Kd1 Bd3 40. Bc1
Ra1 41. Rd2 Bb5 42. Kc2 Be3 0-1

[Event "2BLS 1819 TSV Schönaich - OSG Baden-Ba"]
[Site "?"]
[Date "2019.02.02"]
[Round "5.5"]
[White "Riff, Jean-Noel"]
[Black "Rechtsteiner, Oliver"]
[Result "1-0"]
[WhiteElo "2488"]
[BlackElo "1958"]
[PlyCount "63"]
[EventDate "2019.??.??"]

1. e4 e5 2. Nf3 d6 3. d4 exd4 4. Nxd4 Nf6 5. Nc3 Be7 6. Bf4 O-O 7. Be2 Re8 8.
Qd2 Bf8 9. f3 Nc6 10. O-O-O Nxd4 11. Qxd4 Be6 12. h4 Nd7 13. g4 a6 14. Bg5 c5
15. Qd2 Qa5 16. Kb1 b5 17. h5 Nb6 18. h6 g6 19. Nd5 Qxd2 20. Nf6+ Kh8 21. Rxd2
Rec8 22. f4 Bd7 23. Rhd1 Bc6 24. f5 Ra7 25. Bf4 Be7 26. g5 Bxf6 27. gxf6 Raa8
28. Rxd6 Nc4 29. Bxc4 bxc4 30. e5 gxf5 31. e6 fxe6 32. f7 1-0

[Event "2BLS 1819 TSV Schönaich - OSG Baden-Ba"]
[Site "?"]
[Date "2019.02.02"]
[Round "5.6"]
[White "Reck, Moritz"]
[Black "Bellahcene, Bilel"]
[Result "0-1"]
[WhiteElo "2138"]
[BlackElo "2557"]
[PlyCount "78"]
[EventDate "2019.??.??"]

1. e4 c5 2. Nc3 a6 3. g3 b5 4. Bg2 Bb7 5. d3 e6 6. h3 Nf6 7. Bg5 Be7 8. Nf3 d6
9. O-O Nbd7 10. Qe1 h6 11. Bd2 O-O 12. e5 dxe5 13. Nxe5 Bxg2 14. Kxg2 Nxe5 15.
Qxe5 c4 16. Qe2 cxd3 17. cxd3 Qd7 18. Rfd1 Rac8 19. Be1 Rfd8 20. Ne4 Nd5 21.
Ba5 Re8 22. a3 Rc6 23. Rac1 Rec8 24. Rxc6 Qxc6 25. Kg1 Qc2 26. Qxc2 Rxc2 27.
Rd2 Rc1+ 28. Kg2 Kf8 29. Nc3 Nxc3 30. Bxc3 Bxa3 31. Kf3 Bd6 32. Bd4 a5 33. Re2
a4 34. Ke3 g5 35. Kf3 b4 36. Kg4 b3 37. Kh5 Rc2 38. Re4 e5 39. Be3 a3 0-1

[Event "2BLS 1819 TSV Schönaich - OSG Baden-Ba"]
[Site "?"]
[Date "2019.02.02"]
[Round "5.7"]
[White "Schmaltz, Roland"]
[Black "Koelle, Tobias"]
[Result "1-0"]
[WhiteElo "2451"]
[BlackElo "2193"]
[PlyCount "55"]
[EventDate "2019.??.??"]

1. e4 e5 2. Nf3 Nc6 3. Bb5 a6 4. Ba4 Nf6 5. d3 b5 6. Bb3 Be7 7. O-O O-O 8. Re1
Bb7 9. Nbd2 h6 10. c3 Re8 11. Nf1 Bf8 12. Ne3 Na5 13. Bc2 c5 14. h3 d5 15. exd5
Nxd5 16. Ng4 f6 17. d4 e4 18. Nh4 c4 19. Nxh6+ gxh6 20. Qg4+ Bg7 21. Nf5 Qc7
22. Bxh6 Re7 23. Rxe4 Rf7 24. Rae1 Kf8 25. Nxg7 Rxg7 26. Bxg7+ Qxg7 27. Re8+
Rxe8 28. Rxe8+ 1-0

[Event "2BLS 1819 TSV Schönaich - OSG Baden-Ba"]
[Site "?"]
[Date "2019.02.02"]
[Round "5.8"]
[White "Brunner, Jan"]
[Black "Kachiani-Gersinska, Ketino"]
[Result "1/2-1/2"]
[WhiteElo "1946"]
[BlackElo "2314"]
[PlyCount "75"]
[EventDate "2019.??.??"]

1. d4 d6 2. c4 Nd7 3. Nf3 e5 4. Nc3 Ngf6 5. g3 c6 6. Bg2 Be7 7. O-O O-O 8. e4
a6 9. a4 a5 10. h3 Qc7 11. Be3 Rd8 12. Qc2 Nf8 13. Rad1 Be6 14. b3 Ng6 15. Ng5
Bd7 16. f4 exd4 17. Bxd4 Re8 18. Nf3 c5 19. Bf2 Bc6 20. Rfe1 Bf8 21. Nd5 Bxd5
22. cxd5 h5 23. f5 Ne5 24. Nxe5 dxe5 25. Bf3 Bd6 26. Qe2 Qb6 27. Rb1 Qa6 28.
Qc2 Rec8 29. Be2 Qb6 30. g4 hxg4 31. hxg4 Qb4 32. Bf3 Nh7 33. Rec1 Ng5 34. Kg2
f6 35. Be1 Qb6 36. Bd2 Kf7 37. Qc4 Rh8 38. Rh1 1/2-1/2

[Event "2BLS 1819 SV Jedesheim - SC Emmendingen"]
[Site "?"]
[Date "2019.02.02"]
[Round "5.1"]
[White "Sethuraman, S.P."]
[Black "Krassowizkij, Jaroslaw"]
[Result "1/2-1/2"]
[WhiteElo "2665"]
[BlackElo "2474"]
[PlyCount "91"]
[EventDate "2019.??.??"]

1. e4 e6 2. d4 d5 3. Nc3 Nf6 4. e5 Nfd7 5. f4 c5 6. Nf3 Nc6 7. Be3 cxd4 8. Nxd4
Qb6 9. Qd2 Qxb2 10. Rb1 Qa3 11. Bb5 Nxd4 12. Bxd4 a6 13. Bxd7+ Bxd7 14. Rb3 Qe7
15. Rxb7 Qh4+ 16. g3 Qh3 17. Rf1 Bc8 18. Rb3 Bd7 19. Rb7 Bc8 20. Rb6 Be7 21. f5
Bd8 22. Rb3 O-O 23. f6 Qh5 24. Ne2 gxf6 25. exf6 e5 26. Bc5 Re8 27. Nc3 Be6 28.
Nxd5 Ba5 29. Bb4 Rad8 30. c4 Bxb4 31. Rxb4 e4 32. Qe2 Qe5 33. Rf4 e3 34. Qb2
Bxd5 35. Qxe5 Rxe5 36. Rd4 h5 37. Rb6 Kh7 38. a4 Rd7 39. cxd5 Rdxd5 40. Rxd5
Rxd5 41. Rxa6 Rd2 42. h4 Kg6 43. Ra5 Ra2 44. Rg5+ Kxf6 45. a5 Ke6 46. Rb5
1/2-1/2

[Event "2BLS 1819 SV Jedesheim - SC Emmendingen"]
[Site "?"]
[Date "2019.02.02"]
[Round "5.2"]
[White "Pikula, Dejan"]
[Black "Bauer, Christian"]
[Result "0-1"]
[WhiteElo "2471"]
[BlackElo "2637"]
[PlyCount "94"]
[EventDate "2019.??.??"]

1. e4 Nc6 2. Nf3 d6 3. d4 Nf6 4. Nc3 g6 5. h3 Bg7 6. Be3 O-O 7. Qd2 a6 8. Bd3
e5 9. dxe5 dxe5 10. O-O Re8 11. Ne2 b6 12. Rad1 Bb7 13. c3 Qe7 14. Ng3 Na7 15.
Bh6 Nc8 16. Rfe1 Nd6 17. Bxg7 Kxg7 18. Qe3 Nd7 19. Bc2 a5 20. Ba4 Red8 21. h4
Nc5 22. Bc2 Qf6 23. Qg5 Qxg5 24. hxg5 f6 25. a4 Nc4 26. b4 Na3 27. Rxd8 Rxd8
28. bxc5 Nxc2 29. Rc1 Na3 30. cxb6 cxb6 31. gxf6+ Kxf6 32. Nh2 h5 33. f3 Nc4
34. Nhf1 Bc6 35. Ra1 Rd3 36. Ne2 Nb2 37. Rb1 Nxa4 38. c4 Ke6 39. Kf2 Kd6 40.
Ke1 Kc7 41. Rc1 Ra3 42. Kd2 Nc5 43. Rc3 Ra2+ 44. Rc2 Rxc2+ 45. Kxc2 b5 46. cxb5
Bxb5 47. Nfg3 h4 0-1

[Event "2BLS 1819 SV Jedesheim - SC Emmendingen"]
[Site "?"]
[Date "2019.02.02"]
[Round "5.3"]
[White "Rausis, Igors"]
[Black "Heidenfeld, Mark"]
[Result "1-0"]
[WhiteElo "2653"]
[BlackElo "2358"]
[PlyCount "93"]
[EventDate "2019.??.??"]

1. Nf3 e6 2. c4 f5 3. g3 Nf6 4. Bg2 Be7 5. d4 O-O 6. O-O d6 7. Nc3 c6 8. Qc2 d5
9. b3 Bd7 10. Ne5 Be8 11. e3 Nbd7 12. Nd3 Ne4 13. Bb2 Rc8 14. f3 Nxc3 15. Qxc3
Bf7 16. c5 b6 17. b4 a5 18. a3 a4 19. cxb6 Qxb6 20. Rfc1 Qa7 21. Qc2 Rfe8 22.
Bf1 Bd6 23. Qf2 e5 24. dxe5 Nxe5 25. Bd4 Qa8 26. Nxe5 Bxe5 27. f4 Bxd4 28. exd4
Be6 29. Re1 Re7 30. Re5 Rce8 31. Rae1 Kf7 32. Bd3 g6 33. Qc2 Qa7 34. Qc3 Bc8
35. Rxe7+ Rxe7 36. Rxe7+ Qxe7 37. Kf2 Qa7 38. Qc5 Qa8 39. Qb6 Bd7 40. Qc7 Ke8
41. Ke3 Ke7 42. Kd2 Ke6 43. Qe5+ Kf7 44. Qc7 Ke6 45. h4 h5 46. Kc3 Be8 47. Qa5
1-0

[Event "2BLS 1819 SV Jedesheim - SC Emmendingen"]
[Site "?"]
[Date "2019.02.02"]
[Round "5.4"]
[White "Anistratov, Dmitriy"]
[Black "Hera, Imre Jr"]
[Result "0-1"]
[WhiteElo "2284"]
[BlackElo "2601"]
[PlyCount "86"]
[EventDate "2019.??.??"]

1. d4 Nf6 2. Bf4 d5 3. e3 c5 4. c3 Nc6 5. Nd2 Bg4 6. f3 Bd7 7. g4 e6 8. Bd3 Qb6
9. Qb3 c4 10. Qxb6 axb6 11. Bc2 b5 12. Ne2 b4 13. Kf2 Be7 14. e4 O-O 15. exd5
exd5 16. Ng3 bxc3 17. bxc3 b5 18. g5 Ne8 19. Bf5 Bxf5 20. Nxf5 Ba3 21. Rab1 b4
22. Nxc4 dxc4 23. d5 Na7 24. cxb4 Nb5 25. d6 Rd8 26. Ne7+ Kh8 27. Nc6 Rxd6 28.
Bxd6 Nexd6 29. Ne5 Nc3 30. Rbe1 Bxb4 31. Nc6 Bc5+ 32. Kg2 Rc8 33. Ne5 Nxa2 34.
Rd1 c3 35. Ra1 Nb4 36. Nd7 Be3 37. Rhb1 Nd5 38. Rd1 Nf4+ 39. Kg3 Nf5+ 40. Kg4
g6 41. Ne5 h5+ 42. gxh6 Nxh6+ 43. Kg3 c2 0-1

[Event "2BLS 1819 SV Jedesheim - SC Emmendingen"]
[Site "?"]
[Date "2019.02.02"]
[Round "5.5"]
[White "Korpa, Bence"]
[Black "Trussevich, Sergey"]
[Result "1/2-1/2"]
[WhiteElo "2498"]
[BlackElo "2287"]
[PlyCount "120"]
[EventDate "2019.??.??"]

1. d4 d5 2. Bf4 c5 3. e3 Nf6 4. c3 e6 5. Nd2 Bd6 6. Bg3 O-O 7. Bd3 Qc7 8. Bxd6
Qxd6 9. f4 cxd4 10. cxd4 b6 11. Qe2 Nc6 12. a3 Nd7 13. Ngf3 f5 14. Ne5 Ndxe5
15. fxe5 Qd8 16. O-O a5 17. Rac1 Bd7 18. Rc2 Rc8 19. Rfc1 Na7 20. Rxc8 Bxc8 21.
Nf3 Rf7 22. Qc2 g5 23. g3 Rg7 24. Kf2 h6 25. h4 Qf8 26. hxg5 hxg5 27. Rh1 g4
28. Ne1 Qd8 29. Kf1 Qc7 30. Qf2 Rh7 31. Rxh7 Qxh7 32. Qc2 Kf8 33. Ng2 Ke8 34.
Kf2 Kd8 35. Qc3 Qc7 36. Qe1 Qh7 37. b4 Qe7 38. bxa5 Qxa3 39. axb6 Qb2+ 40. Be2
Nc6 41. Nf4 Qxb6 42. Qh1 Kc7 43. Qh7+ Kb8 44. Qh6 Nb4 45. Qf8 Kc7 46. Qe7+ Kb8
47. Qf8 Kc7 48. Qe7+ Kb8 49. Nh5 Nc2 50. Qd6+ Qxd6 51. exd6 Bd7 52. Bd3 Nb4 53.
Ke2 Kb7 54. Nf4 Kc6 55. Ng6 Kxd6 56. Ne5 Bc8 57. Kd2 Ba6 58. Bb1 Nc6 59. Nxc6
Kxc6 60. Kc3 Kb5 1/2-1/2

[Event "2BLS 1819 SV Jedesheim - SC Emmendingen"]
[Site "?"]
[Date "2019.02.02"]
[Round "5.6"]
[White "Roemer, Ulrich"]
[Black "Sokolov, Andrei"]
[Result "1/2-1/2"]
[WhiteElo "2194"]
[BlackElo "2487"]
[PlyCount "137"]
[EventDate "2019.??.??"]

1. d4 Nf6 2. Nf3 b6 3. e3 e6 4. Bd3 d5 5. O-O Bd6 6. b3 O-O 7. c4 Nbd7 8. Bb2
Bb7 9. Nc3 a6 10. Bc1 Qe7 11. Na4 dxc4 12. bxc4 c5 13. Ne5 Rad8 14. Qe2 Bc7 15.
f4 Ne4 16. Ba3 f5 17. Rab1 Nxe5 18. fxe5 Bc6 19. Nxb6 Nc3 20. Qf2 Nxb1 21. Rxb1
Bxe5 22. Bxc5 Qxc5 23. dxc5 Rxd3 24. Qe2 Rdd8 25. Rd1 g6 26. Rd4 Rxd4 27. exd4
Bxd4+ 28. Kf1 Kf7 29. Qd2 Rd8 30. Qf4 e5 31. Qh4 Rh8 32. Nd5 Bxd5 33. cxd5 Bxc5
34. Qc4 Bd6 35. Qxa6 Rd8 36. Qb7+ Kf6 37. a4 Rb8 38. Qd7 Rb1+ 39. Ke2 Bb4 40.
Qd8+ Kf7 41. Qc7+ Kf6 42. Qd8+ Kf7 43. d6 Rb2+ 44. Kf1 Rb1+ 45. Kf2 Rb2+ 46.
Kg3 Ke6 47. d7 Rb3+ 48. Kf2 Rb2+ 49. Kf1 Rb1+ 50. Ke2 Rb2+ 51. Ke3 Rb3+ 52. Ke2
Rb2+ 53. Kd3 Rd2+ 54. Kc4 Be7 55. Qc8 Kf6 56. Qh8+ Ke6 57. Qc8 Kf6 58. Kc3 Rd6
59. a5 e4 60. a6 e3 61. Qc5 Rxa6 62. Qd4+ Kf7 63. d8=Q Bxd8 64. Qxd8 Re6 65.
Qd7+ Re7 66. Qd5+ Kf8 67. Qd8+ Kf7 68. Qd5+ Kf8 69. Qd8+ 1/2-1/2

[Event "2BLS 1819 SV Jedesheim - SC Emmendingen"]
[Site "?"]
[Date "2019.02.02"]
[Round "5.7"]
[White "Bauer, Andreas"]
[Black "Engelhart, Achim"]
[Result "1-0"]
[WhiteElo "2265"]
[BlackElo "2114"]
[PlyCount "75"]
[EventDate "2019.??.??"]

1. c4 c5 2. Nf3 Nc6 3. d4 cxd4 4. Nxd4 Qb6 5. Nb3 e6 6. a3 Nf6 7. Nc3 Ne5 8. e3
Be7 9. Be2 O-O 10. O-O Rd8 11. e4 d5 12. exd5 exd5 13. c5 Qc7 14. Nb5 Qb8 15.
Qd4 Ng6 16. Bd3 Bd7 17. Bxg6 Bxb5 18. Re1 hxg6 19. Rxe7 Rd7 20. Rxd7 Bxd7 21.
Bf4 Qd8 22. Re1 Bc6 23. Bg5 b6 24. h3 Rb8 25. Re3 bxc5 26. Nxc5 Rb6 27. Rf3 Bb5
28. Ne4 Re6 29. Nxf6+ gxf6 30. Rxf6 Re1+ 31. Kh2 Qd7 32. Qf4 Re8 33. Rd6 Qb7
34. Bf6 Re6 35. Rd8+ Be8 36. Rxe8+ Rxe8 37. Qh6 Qc7+ 38. g3 1-0

[Event "2BLS 1819 SV Jedesheim - SC Emmendingen"]
[Site "?"]
[Date "2019.02.02"]
[Round "5.8"]
[White "Bacquele, Fabrice"]
[Black "Vatter, Hans-Joachim"]
[Result "0-1"]
[WhiteElo "2002"]
[BlackElo "2243"]
[PlyCount "126"]
[EventDate "2019.??.??"]

1. d4 Nf6 2. Nf3 d5 3. Bf4 c5 4. e3 Nc6 5. Nbd2 cxd4 6. exd4 Bg4 7. c3 e6 8.
Qb3 Qc8 9. Bd3 Be7 10. O-O O-O 11. Ne5 Bh5 12. Qc2 Bg6 13. Nxg6 hxg6 14. Nf3
Qd8 15. Rae1 Bd6 16. Bxd6 Qxd6 17. Ne5 Rac8 18. Qe2 Nd7 19. f4 Ne7 20. Rf3 Nf5
21. Qf2 Nxe5 22. Rxe5 Qd8 23. g4 Nd6 24. f5 gxf5 25. gxf5 exf5 26. Bxf5 Nc4 27.
Bxc8 Nxe5 28. dxe5 Qxc8 29. Qh4 Qe6 30. Rh3 Qg6+ 31. Kf2 f6 32. Qh8+ Kf7 33.
Qh5 Qxh5 34. Rxh5 Kg6 35. Rh4 fxe5+ 36. Ke3 Kf5 37. Rh5+ Ke6 38. Rg5 Kf6 39.
Rh5 Rc8 40. Kd3 Rc7 41. Rh8 g5 42. h3 Rf7 43. Ke3 Kf5 44. Rh6 b5 45. Rh8 Rf6
46. Kf3 b4 47. Rd8 bxc3 48. bxc3 Rc6 49. Rf8+ Kg6 50. Rg8+ Kf6 51. Rf8+ Ke7 52.
Rg8 Rxc3+ 53. Kg4 d4 54. Kf5 Re3 55. Rxg5 d3 56. Rg1 e4 57. h4 d2 58. Rd1 Re2
59. h5 e3 60. h6 Kf7 61. Rb1 Rf2+ 62. Kg5 e2 63. Rb7+ Ke6 0-1

[Event "2BLS 1819 SG Speyer-Schwegenheim - SF B"]
[Site "?"]
[Date "2019.02.03"]
[Round "6.1"]
[White "Rakotomaharo, Fy Antenaina"]
[Black "Oleksiyenko, Mykhaylo"]
[Result "1/2-1/2"]
[WhiteElo "2425"]
[BlackElo "2592"]
[PlyCount "26"]
[EventDate "2019.??.??"]

1. d4 Nf6 2. c4 e6 3. Nc3 Bb4 4. e3 O-O 5. Nge2 Re8 6. a3 Bf8 7. e4 d5 8. e5
Nfd7 9. cxd5 exd5 10. f4 c5 11. dxc5 Nxc5 12. b4 Ncd7 13. Qxd5 a5 1/2-1/2

[Event "2BLS 1819 SG Speyer-Schwegenheim - SF B"]
[Site "?"]
[Date "2019.02.03"]
[Round "6.2"]
[White "Pavlidis, Antonios"]
[Black "Karpatchev, Aleksandr"]
[Result "1/2-1/2"]
[WhiteElo "2533"]
[BlackElo "2399"]
[PlyCount "45"]
[EventDate "2019.??.??"]

1. e4 e5 2. Nf3 Nc6 3. d4 exd4 4. Nxd4 Qf6 5. Nb3 Qg6 6. f3 Nf6 7. Bf4 Bb4+ 8.
Kf2 O-O 9. Bd3 Nh5 10. Bxc7 Qf6 11. a3 Be7 12. Nc3 d6 13. Nd5 Qe5 14. g3 Nf6
15. Bb5 Nxd5 16. exd5 Qh5 17. Bxc6 bxc6 18. Qe2 Bf6 19. Bxd6 Rd8 20. Bc7 Rf8
21. Bd6 Rd8 22. Bc7 Rf8 23. Bd6 1/2-1/2

[Event "2BLS 1819 SG Speyer-Schwegenheim - SF B"]
[Site "?"]
[Date "2019.02.03"]
[Round "6.3"]
[White "Ikonnikov, Vyacheslav"]
[Black "Neiksans, Arturs"]
[Result "0-1"]
[WhiteElo "2544"]
[BlackElo "2552"]
[PlyCount "82"]
[EventDate "2019.??.??"]

1. d4 Nf6 2. Nf3 e6 3. c4 b6 4. g3 Bb7 5. Bg2 Bb4+ 6. Bd2 a5 7. O-O O-O 8. Bg5
Be7 9. Nc3 Ne4 10. Bxe7 Qxe7 11. Rc1 d6 12. Qd3 Nxc3 13. Rxc3 Nc6 14. e4 e5 15.
d5 Nb4 16. Qb1 c6 17. Re1 g6 18. Nd2 Na6 19. Nf1 cxd5 20. cxd5 b5 21. a3 b4 22.
axb4 axb4 23. Rc4 Qd8 24. Qc1 Rc8 25. Rxc8 Qxc8 26. Ne3 Nc5 27. Nf5 Qd8 28.
Nh6+ Kh8 29. Qe3 Bc8 30. Rc1 Kg7 31. h4 f5 32. exf5 gxf5 33. Rc4 b3 34. Bh3 e4
35. g4 f4 36. Nf5+ Bxf5 37. Qc3+ Kh6 38. gxf5 Qxh4 39. Rxc5 dxc5 40. Qxc5 Rg8+
41. Kh2 f3 0-1

[Event "2BLS 1819 SG Speyer-Schwegenheim - SF B"]
[Site "?"]
[Date "2019.02.03"]
[Round "6.4"]
[White "Meshkovs, Nikita"]
[Black "Gasthofer, Alexander"]
[Result "1/2-1/2"]
[WhiteElo "2557"]
[BlackElo "2417"]
[PlyCount "153"]
[EventDate "2019.??.??"]

1. Nf3 d5 2. d4 Nf6 3. c4 e6 4. g3 dxc4 5. Bg2 Be7 6. O-O O-O 7. Qc2 a6 8. a4
Bd7 9. Bg5 Nc6 10. Qxc4 h6 11. Bxf6 Bxf6 12. Nbd2 e5 13. d5 Nd4 14. Nxd4 exd4
15. Ne4 c6 16. Nxf6+ Qxf6 17. Rfd1 b5 18. Qxd4 Qxd4 19. Rxd4 c5 20. Rd2 bxa4
21. Rc1 Rab8 22. f4 Rb5 23. e4 Rfb8 24. Rcc2 Rb4 25. d6 g6 26. Bf1 Rxe4 27.
Rxc5 Reb4 28. Rc7 Rd8 29. Bxa6 Rb6 30. Bc4 Be6 31. Bxe6 fxe6 32. d7 Kf7 33. Ra7
Ke7 34. Kg2 Rb4 35. Kf3 Rb3+ 36. Ke2 Rb4 37. Kd1 Rc4 38. h4 h5 39. Ke2 Rb4 40.
Kf2 Rc4 41. Rb7 Rc6 42. Rd4 Ra6 43. Rd3 Rc6 44. Ke2 Rc2+ 45. Kd1 Rc4 46. Kd2
Kf6 47. Rb6 Rc7 48. Rbd6 Ke7 49. R6d4 Ra7 50. Ke3 Rb7 51. Rd2 Rb3+ 52. R4d3 Rb7
53. Ke4 Rb4+ 54. Kf3 Rb7 55. g4 hxg4+ 56. Kxg4 Rb5 57. Rd4 Ra5 58. R2d3 Rb5 59.
Rxa4 Rxb2 60. Ra7 Rb5 61. Rc7 Rh5 62. Ra7 Rb5 63. Rd4 Rc5 64. Re4 Rxd7 65.
Rxd7+ Kxd7 66. Re5 Rc1 67. Kg5 Rg1+ 68. Kf6 Rg4 69. Re4 Rxh4 70. Rd4+ Kc6 71.
Kxe6 Rg4 72. Rc4+ Kb5 73. Re4 Kc6 74. Kf7 Kd5 75. Re5+ Kd4 76. Rg5 Rxf4+ 77.
Kxg6 1/2-1/2

[Event "2BLS 1819 SG Speyer-Schwegenheim - SF B"]
[Site "?"]
[Date "2019.02.03"]
[Round "6.5"]
[White "Reinhardt, Bernd"]
[Black "Kantans, Toms"]
[Result "0-1"]
[WhiteElo "2159"]
[BlackElo "2520"]
[PlyCount "92"]
[EventDate "2019.??.??"]

1. d4 Nf6 2. Nf3 g6 3. Bf4 Bg7 4. e3 d6 5. h3 O-O 6. Be2 b6 7. O-O Bb7 8. c4
Nbd7 9. Nc3 Ne4 10. Nxe4 Bxe4 11. Nd2 Bb7 12. Bf3 Bxf3 13. Nxf3 c5 14. Qa4 Qc7
15. Rac1 Qb7 16. b4 Rfc8 17. Rfd1 cxd4 18. exd4 Rxc4 19. Rxc4 b5 20. Rc7 Qxc7
21. Qxb5 Rb8 22. Qe2 Nb6 23. Rc1 Qd7 24. Bd2 Bf6 25. Qa6 Nd5 26. a3 h5 27. Qc6
Qf5 28. Qa6 g5 29. Qxa7 Rf8 30. Ne1 Kg7 31. Qa6 Bxd4 32. Qe2 Ra8 33. Rc4 Bf6
34. Qxh5 Rxa3 35. Rh4 Kf8 36. Qh6+ Ke8 37. Qh7 Qxh7 38. Rxh7 Ra1 39. Kh2 Be5+
40. g3 Nf6 41. Rh8+ Kd7 42. Rf8 Ne4 43. Nf3 Nxd2 44. Nxd2 Ra2 45. Ne4 Re2 46.
Nxg5 f6 0-1

[Event "2BLS 1819 SG Speyer-Schwegenheim - SF B"]
[Site "?"]
[Date "2019.02.03"]
[Round "6.6"]
[White "Shytaj, Luca"]
[Black "Gasthofer, Viktor"]
[Result "1/2-1/2"]
[WhiteElo "2480"]
[BlackElo "2308"]
[PlyCount "117"]
[EventDate "2019.??.??"]

1. Nc3 d5 2. e4 e6 3. d4 dxe4 4. Nxe4 Nd7 5. g3 Ngf6 6. Nxf6+ Nxf6 7. Nf3 b6 8.
Ne5 Bb7 9. Bb5+ c6 10. Qf3 Qd5 11. Qxd5 Nxd5 12. Ba4 b5 13. Bb3 c5 14. dxc5
Bxc5 15. O-O Bd6 16. Re1 O-O 17. a4 a6 18. Bd2 Rfc8 19. Ba5 Bxe5 20. Rxe5 Bc6
21. c4 bxc4 22. Bxc4 Bb7 23. b3 Ne7 24. Bb6 Bd5 25. Bxd5 Nxd5 26. Bd4 Rab8 27.
Rb1 Rb4 28. Be3 Rcb8 29. Bd2 Rxb3 30. Rxb3 Rxb3 31. Re4 h6 32. Rc4 Nb6 33. Rc6
Nxa4 34. Rxa6 Nb6 35. Ra7 Nd5 36. Kf1 Rb2 37. Be1 Rc2 38. h3 g5 39. Ra4 Kg7 40.
h4 Kg6 41. hxg5 hxg5 42. Rd4 Kf5 43. Ra4 Ke5 44. Ra7 f5 45. Ra4 g4 46. Ra3 f4
47. gxf4+ Nxf4 48. f3 Rc1 49. Re3+ Kf5 50. fxg4+ Kxg4 51. Kf2 e5 52. Rg3+ Kf5
53. Bd2 Rc2 54. Ke1 Nd5 55. Ra3 Nb6 56. Rb3 Nc4 57. Rc3 Rxd2 58. Rxc4 Ra2 59.
Rc3 1/2-1/2

[Event "2BLS 1819 SG Speyer-Schwegenheim - SF B"]
[Site "?"]
[Date "2019.02.03"]
[Round "6.7"]
[White "Bogdanovich, Grigory"]
[Black "Commercon, Simon"]
[Result "0-1"]
[WhiteElo "2311"]
[BlackElo "2258"]
[PlyCount "116"]
[EventDate "2019.??.??"]

1. d4 Nf6 2. Nf3 e6 3. e3 d5 4. Bd3 Bd6 5. b3 O-O 6. Bb2 Ne4 7. Bxe4 dxe4 8.
Nfd2 f5 9. Nc4 Be7 10. Nbd2 b5 11. Ne5 Bb7 12. Qe2 Qe8 13. c4 a6 14. O-O Bd6
15. Rfd1 Bxe5 16. dxe5 b4 17. a3 a5 18. Nf1 Na6 19. axb4 axb4 20. Ra5 Qe7 21.
Bd4 c5 22. Bb2 Rad8 23. Raa1 Nb8 24. Rxd8 Rxd8 25. Rd1 Nc6 26. Rxd8+ Qxd8 27.
Qd2 Qxd2 28. Nxd2 Kf7 29. f3 exf3 30. gxf3 Na5 31. Kf2 Kg6 32. Kg3 Kh5 33. Bc1
h6 34. h3 g5 35. Bb2 Kg6 36. Kf2 h5 37. Ke2 g4 38. hxg4 fxg4 39. fxg4 hxg4 40.
e4 Kg5 41. Bc1 Kh4 42. Kf2 Kh3 43. Ke2 Kg2 44. Ke3 g3 45. Ke2 Bc6 46. Ke3 Be8
47. Ke2 Bh5+ 48. Ke1 Bg4 49. Nf1 Kh3 50. Be3 Nxb3 51. Nd2 Nc1 52. Nb1 g2 53.
Bg1 Nd3+ 54. Kd2 Nxe5 55. Bxc5 Bf3 56. Bg1 Bxe4 57. Kc1 Nxc4 58. Nd2 Nxd2 0-1

[Event "2BLS 1819 SG Speyer-Schwegenheim - SF B"]
[Site "?"]
[Date "2019.02.03"]
[Round "6.8"]
[White "Kraemer, Enrico"]
[Black "Raps, Johannes"]
[Result "1/2-1/2"]
[WhiteElo "2198"]
[BlackElo "2137"]
[PlyCount "250"]
[EventDate "2019.??.??"]

1. d4 d5 2. c4 c6 3. Nf3 Nf6 4. Nc3 g6 5. h3 Bg7 6. Bf4 O-O 7. e3 a6 8. cxd5
cxd5 9. Be2 Nc6 10. O-O b5 11. a4 b4 12. Nb1 Bb7 13. Nbd2 Na5 14. Nb3 Ne4 15.
Rc1 Rc8 16. Rxc8 Bxc8 17. Qc2 Nxb3 18. Qxb3 Qa5 19. Rc1 Bd7 20. Bd1 Rc8 21.
Rxc8+ Bxc8 22. Qc2 Qd8 23. Bc7 Qd7 24. Ba5 Qb7 25. Qb3 e6 26. Qxb4 Qc6 27. Qb3
Bf8 28. Qc2 Qb7 29. Ne5 Bd6 30. Nd3 Qb8 31. Nc5 e5 32. Qb3 Qxb3 33. Nxb3 Bd7
34. f3 Ng3 35. Nc5 Bc8 36. Bc3 Nf5 37. Kf2 exd4 38. exd4 Bg3+ 39. Ke2 Nh4 40.
Kf1 Nf5 41. Be2 a5 42. Bb5 Ne3+ 43. Kg1 Nd1 44. Nd3 Nxc3 45. bxc3 Bf5 46. Nf2
Bf4 47. Kf1 Bc2 48. Ke2 Kf8 49. Ng4 Ke7 50. Ne3 Bb3 51. Kf2 f6 52. g3 Bxe3+ 53.
Kxe3 g5 54. f4 h6 55. fxg5 fxg5 56. Kd2 Kd6 57. Kc1 Ke6 58. Kb2 Bd1 59. c4 dxc4
60. Bxc4+ Kd6 61. Bb3 Bf3 62. Kc3 Bg2 63. h4 Be4 64. Bd1 Bd5 65. Bc2 Be6 66.
Bb3 Bd7 67. Kd3 Bc6 68. Bd1 Bd5 69. Bc2 Bf7 70. Kc3 Bd5 71. Bd1 Be6 72. Kd2 Bf7
73. Ke3 Bd5 74. Kd3 Ke6 75. Bh5 Bc6 76. Bd1 Bd5 77. Kc3 Kd6 78. Bc2 Be6 79. Bd3
Bd5 80. Bb5 Be4 81. Be8 Bd5 82. Kd3 Ke7 83. Bb5 Kd6 84. Kc3 Be4 85. Kd2 Bd5 86.
Kd3 Bb7 87. Bc4 Bc6 88. Bb3 Bb7 89. hxg5 hxg5 90. Kc4 Bd5+ 91. Kc3 Bc6 92. Bc2
Bd5 93. Bd1 Be6 94. Bb3 Bf5 95. Bf7 Bd7 96. Bb3 Bf5 97. Bc2 Be6 98. Bd1 Bd5 99.
Kd3 Ke7 100. Ke3 Kd6 101. Bc2 Bc6 102. Bb3 Bb7 103. Bd1 Bc6 104. Bc2 Bd5 105.
Bd3 Bc6 106. Bb5 Bd5 107. Kd3 Bb7 108. Kc3 Be4 109. Bc4 Bc6 110. Kb3 Bf3 111.
Bd3 Bd5+ 112. Kc3 Bc6 113. Bc2 Bd5 114. Kd3 Ke7 115. Ke3 Kd6 116. Bd1 Bc6 117.
Bb3 Bb7 118. Bc2 Bc6 119. Kd3 Bd5 120. Kc3 Be6 121. Bd3 Bd7 122. Bb5 Be6 123.
Bc4 Bd7 124. Kb3 Bg4 125. Bf7 Bd1+ 1/2-1/2